Concevoir et déployer ses sites web avec Drupal, 2 edition /

Exploitez la puissance de Drupal pour construire vos sites web! Comprenez l'architecture de Drupal et réfléchissez ... à quoi faire et ne pas faire avec un CMS aussi puissant Configurez votre environnement de développement sous Mac OS, Linux et Windows Administrez Drupal et ses modules, archite...

Full description

Bibliographic Details
Main Author: Brault, Yoran (Author)
Corporate Author: Safari, an O'Reilly Media Company
Format: eBook
Language:French
Published: Eyrolles, 2011.
Edition:2nd edition.
Subjects:
Online Access:Connect to the full text of this electronic book

MARC

Tag First Indicator Second Indicator Subfields
LEADER 00000cam a2200000Ma 4500
001 in00004668513
006 m o d
007 cr cn|||||||||
008 150903s2011 xx o 000 0 fre d
005 20260122213250.7
020 |z 9782212127805 
024 8 |a 9782212415056 
035 |a (OCoLC)1105766680 
040 |a CNCEN  |b eng  |e pn  |c CNCEN  |d OCLCO  |d OCLCF  |d OCLCQ  |d OCLCO  |d OCLCQ 
049 |a TXAM 
100 1 |a Brault, Yoran,  |e author. 
245 1 0 |a Concevoir et déployer ses sites web avec Drupal, 2 edition /  |c Brault, Yoran. 
250 |a 2nd edition. 
264 1 |b Eyrolles,  |c 2011. 
300 |a 1 online resource (420 pages) 
336 |a text  |b txt  |2 rdacontent 
337 |a computer  |b c  |2 rdamedia 
338 |a online resource  |b cr  |2 rdacarrier 
347 |a text file 
365 |b 32.49 
520 |a Exploitez la puissance de Drupal pour construire vos sites web! Comprenez l'architecture de Drupal et réfléchissez ... à quoi faire et ne pas faire avec un CMS aussi puissant Configurez votre environnement de développement sous Mac OS, Linux et Windows Administrez Drupal et ses modules, architecturez vos pages et proposez plusieurs langues Gérez vos utilisateurs, les rôles des contributeurs et flux de publication en toute sécurité (OpenID ...) Enrichissez vos contenus grâce aux éditeurs visuels : articles, commentaires, images, discussions, FAQ, formulaires et champs, fils RSS, filtres et formats ... Modifiez l'apparence avec les thèmes et personnalisez les modèles Optimisez la charge d'administration par l'automatisation des tâches récurrentes Créez votre propre module et évitez les écueils de la mise en production Évaluez les améliorations de Drupal 7 La puissance et la modularité pour des sites web plus riches L'outil libre de publication web Drupal dans sa version 6 et 7 à venir est exemplaire par son architecture modulaire. Il continue de s'imposer aux créateurs de contenu qui doivent construire des sites puissants et modernes - du simple blog au site professionnel étendu. Il permet de gérer des flux de contributions complexes, offre une grande diversité de types de contenus et une interface d'administration efficace. Avec la préface d'Edwy Plenel. Au sommaire Rappels utiles sur les CMS Drupal, un CMS extensible Bien définir son projet Mettre en place son environnement de développement Administrer Drupal et ses modules Gérer les utilisateurs Créer du contenu Créer des contenus avancés Structurer les pages Gérer les langues Modifier l'apparence Ajouter des fonctionnalités Automatiser les tâches récurrentes Écrire son premier module Mettre son site en production Un regard sur Drupal 7. 
542 |g 2011 
550 |a Made available through: Safari, an O'Reilly Media Company. 
650 0 |a Web site development. 
650 6 |a Sites Web  |x Développement. 
650 7 |a Web site development.  |2 fast  |0 (OCoLC)fst01173243 
710 2 |a Safari, an O'Reilly Media Company. 
856 4 0 |u https://proxy.library.tamu.edu/login?url=https://go.oreilly.com/TAMU/library/view/-/9782212415056/?ar  |z Connect to the full text of this electronic book  |t 0 
955 |a Safari/O'Reilly ebooks 
994 |a 92  |b TXA 
999 f f |s c4a94511-5e89-4a07-a1eb-3918c8854217  |i 2ab1d332-e64c-4160-8d0f-f3f647fbeb8c  |t 0 
952 f f |a Texas A&M University  |b College Station  |c Electronic Resources  |s www_evans  |d Available Online  |t 0  |h Library of Congress classification 
998 f f |t 0  |l Available Online